| 000 | 00857nmm a2200277 a 4500 | ||
|---|---|---|---|
| 001 | ocm0001299575 | ||
| 003 | TR-IsHL | ||
| 005 | 20201028162525.0 | ||
| 008 | 170122s2015 tu tur | ||
| 007 | cr cn | ||
| 020 | _a9786054539406 | ||
| 035 |
_a1299575 _b(N$T) |
||
| 050 | 0 | 4 |
_aPL248.A77 _bE3 2015 |
| 090 | 0 | 4 |
_aPL248.A77 _bE3 2015 |
| 100 | 1 | _aArslan, Ali Osman | |
| 245 | 1 | 0 |
_aEfsunlu şiirler _h[electronic resource] / _cAli Osman Arslan |
| 250 | _agenişletilmiş 2. basım | ||
| 260 |
_aİstanbul : _bYalın Yayıncılık, _c2015 |
||
| 300 | _a159 p. | ||
| 650 | 4 | _aDil ve Edebiyat | |
| 650 | 4 | _aLanguage and Literature | |
| 650 | 0 | _aTürk şiiri | |
| 650 | 0 | _aTurkish poetry | |
| 650 | 7 |
_aPOETRY / Middle Eastern _2bisacsh |
|
| 856 | 4 | 0 | _uhttp://search.ebscohost.com/login.aspx?direct=true&scope=site&db=e011xww&AN=1299575 |
| 999 |
_c14806 _d14806 |
||